The economics of monetary integration /

Bibliographic Details
Main Author: Grauwe, Paul de
Format: Book
Language:English
Published: Oxford ; New York : Oxford University Press, 1997.
Edition:3rd rev. ed.
Subjects:

MARC

Tag First Indicator Second Indicator Subfields
LEADER 00000cam a2200000 a 4500
001 in00001402314
005 20151020054132.0
008 970306s1997 enka b 001 0 eng
010 |a  97012128  
020 |a 0198775504 
020 |a 0198775490 
035 |a (OCoLC)36549121 
035 |9 AHN0506AM 
040 |a DLC  |c DLC  |d TXA  |d UtOrBLW 
043 |a e------ 
049 |a TXAM 
050 0 0 |a HG930.5  |b .G674 1997 
082 0 0 |a 332.4/5/094  |2 21 
100 1 |a Grauwe, Paul de. 
245 1 4 |a The economics of monetary integration /  |c Paul de Grauwe. 
250 |a 3rd rev. ed. 
264 1 |a Oxford ;  |a New York :  |b Oxford University Press,  |c 1997. 
300 |a xiv, 228 pages :  |b illustrations ;  |c 24 cm. 
336 |a text  |b txt  |2 rdacontent 
337 |a unmediated  |b n  |2 rdamedia 
338 |a volume  |b nc  |2 rdacarrier 
504 |a Includes bibliographical references (pages [211]-219) and index. 
610 0 |a European Monetary System (Organization) 
650 0 |a Monetary unions  |z European Union countries. 
650 0 |a Monetary policy  |z European Union countries. 
948 |a C:BLW  |d 20030315 
999 |a MARS 
999 f f |s bafdaf63-eaa7-3b20-bcb7-dd93ee3c9546  |i c9641d2d-c07b-3cec-865f-d71a9cd54bee  |t 0 
952 f f |p ric  |a Texas A&M University  |b Rellis Campus  |c Joint Library Facility  |d Remote Storage  |t 0  |e HG930.5 .G674 1997  |h Library of Congress classification  |i unmediated -- volume  |m A14822112040 
998 f f |a HG930.5 .G674 1997  |t 0  |l Remote Storage